栗山巧プロ初安打の試合と2000本安打達成試合のスタメン - Statistics

General Stats
  • This quiz has been taken 28 times
  • The average score is 11 of 20
Answer Stats
打順 ポジション Answer % Correct
1番 ショート 源田壮亮
100%
4番 サード 中村剛也
100%
3番 キャッチャー 森友哉
96%
5番 セカンド 外崎修汰
96%
9番 レフト 栗山巧
81%
6番 DH 栗山巧
81%
7番 ファースト 山川穂高
77%
先発 ピッチャー 今井達也
65%
7番 ショート 中島裕之
62%
6番 ファースト G.G.佐藤
50%
2番 センター 岸潤一郎
46%
5番 セカンド 石井義人
42%
2番 センター 赤田将吾
35%
4番 サード フェルナンデス
31%
3番 DH 貝塚政秀
27%
8番 キャッチャー 野田浩輔
23%
8番 レフト 呉念庭
19%
9番 ライト 川越誠司
15%
1番 ライト 大島裕行
12%
先発 ピッチャー 大沼幸二
8%
No matching quizzes found
Score Distribution
Percent of People with Each Score
Percentile by Number Answered
Your Score History
You have not taken this quiz